Minecraft Mobs: Pufferfish - Statistics

General Stats
  • This quiz has been taken 6 times
  • The average score is 5 of 10
Answer Stats
Question Answer % Correct
How many health points does a pufferfish have? 3
100%
What is the maximum number of blocks away you can be from a pufferfish for it to inflate? 2
60%
What is one biome that pufferfish can spawn in? Deep Lukewarm Ocean | Lukewarm Ocean | Warm Ocean
60%
What effect can a pufferfish inflict when inflated? Poison
60%
What is a pufferfish's height and width in blocks in its default size? 0.35
40%
What is a pufferfish's height and width in blocks when fully inflated? 0.7
40%
What is one mob that hunts pufferfish? Axolotl | Nautilus | Zombie Nautilus
40%
Other than pufferfish, what item does a pufferfish drop on death? Bone Meal
40%
What advancement has a bucket of pufferfish for its icon? Tactical Fishing
20%
What is one mob that won't retaliate when damaged by a pufferfish? Creeper | Ghast
0%
No matching quizzes found
Score Distribution
Percent of People with Each Score
Percentile by Number Answered
Your Score History
You have not taken this quiz